|
|
|
|
| LEADER |
00000nbm0a2200000 4500 |
| 001 |
290175 |
| 005 |
20231102000247.0 |
| 035 |
|
|
|a (RuTPU)RU\TPU\book\314705
|
| 090 |
|
|
|a 290175
|
| 100 |
|
|
|a 20150403d1975 k y0rusy50 ca
|
| 101 |
0 |
|
|a rus
|
| 102 |
|
|
|a RU
|
| 105 |
|
|
|a a p 001zy
|
| 200 |
1 |
|
|a Исследование процесса и разработка аппаратуры для очистки "хвостовых" технологических газов сублиматного производства от взвешенных в них аэрозольных частиц. Сообщение 1 : Исследование некоторых физико-химических свойств и дисперсного состава исходного сырья - закиси-окиси урана
|e научный отчет по хоздоговору 017/74
|f Томский политехнический институт (ТПИ), Физико-технический факультет, Кафедра 43 ; руководитель Н. П. Курин ; исполнители А. С. Ситников , В. В. Гузеев
|
| 210 |
|
|
|a Томск
|c [Б. и.]
|d 1975
|
| 215 |
|
|
|a 22 л.
|c ил.
|
| 300 |
|
|
|a Хоздоговор 017/74
|
| 320 |
|
|
|a Библиогр.: с. 20.
|
| 371 |
0 |
|
|a For_staff_use
|
| 606 |
1 |
|
|a Газы технологические
|x Очистка
|2 stltpush
|3 (RuTPU)RU\TPU\subj\31715
|9 54496
|
| 610 |
1 |
|
|a сублиматное производство
|
| 610 |
1 |
|
|a сбросные газы
|
| 610 |
1 |
|
|a пылевое загрязнение
|
| 610 |
1 |
|
|a аэрозольное загрязнение
|
| 610 |
1 |
|
|a исследование
|
| 610 |
1 |
|
|a уран
|
| 610 |
1 |
|
|a закисно-окисные огарки
|
| 610 |
1 |
|
|a диэлектрическая проницаемость
|
| 610 |
1 |
|
|a удельное электросопротивление
|
| 610 |
1 |
|
|a научные отчеты
|
| 610 |
1 |
|
|a отчеты о НИР
|
| 610 |
1 |
|
|a труды учёных ТПУ
|
| 675 |
|
|
|a 66.074.3(04)
|v 3
|
| 702 |
|
1 |
|a Курин
|b Н. П.
|c химик-технолог
|c профессор Томского политехнического университета
|c основатель химической технологии атомной промышленности Сибири
|f 1905-2004
|g Николай Павлович
|2 stltpush
|3 (RuTPU)RU\TPU\pers\9462
|4 673
|
| 702 |
|
1 |
|a Ситников
|b А. С.
|4 677
|
| 702 |
|
1 |
|a Гузеев
|b В. В.
|4 677
|
| 712 |
0 |
2 |
|a Томский политехнический институт (ТПИ)
|b Физико-технический факультет
|b Кафедра 43
|c (1944-1991)
|2 stltpush
|3 (RuTPU)RU\TPU\col\1123
|
| 801 |
|
1 |
|a RU
|b 63413507
|c 20150403
|
| 801 |
|
2 |
|a RU
|b 63413507
|c 20150413
|g RCR
|
| 942 |
|
|
|c BK
|